[Event "Omegna op 4th"]
[Site "Omegna"]
[Date "2016.08.07"]
[Round "5"]
[White "Temi, Walter"]
[Black "Pasquotto, Mirko"]
[Result "1/2-1/2"]
[WhiteElo "2089"]
[BlackElo "1844"]
[PlyCount "121"]
[EventDate "2016.08.05"]
[EventType "swiss"]
[EventRounds "5"]
[EventCountry "ITA"]
[SourceTitle "EXT 2018"]
[Source "ChessBase"]
[SourceDate "2017.10.13"]
[SourceVersion "1"]
[SourceVersionDate "2017.10.13"]
[SourceQuality "1"]

1. e4 c5 2. Nf3 d6 3. c3 Nf6 4. h3 Nc6 5. Bd3 g6 6. Bc2 Bg7 7. 0-0 0-0 8. d4 Nd7 9. Na3 a6 10. Be3 b5 11. Qd2 Re8 12. Rfd1 Bb7 13. Bh6 Nb6 14. Bxg7 Kxg7 15. dxc5 dxc5 16. Qe3 Nd7 17. Qf4 e5 18. Qd2 Nb6 19. Qe2 Qe7 20. Rd2 Red8 21. Rad1 Rxd2 22. Rxd2 Rd8 23. Bb3 c4 24. Bd1 Rxd2 25. Qxd2 Qd7 26. Qxd7 Nxd7 27. b3 cxb3 28. axb3 f6 29. b4 Nd8 30. Nd2 Ne6 31. g3 Ng5 32. Bg4 Nb6 33. h4 Nxe4 34. Bf3 Nd6 35. Bxb7 Nxb7 36. f3 Nd5 37. Nab1 f5 38. Kf2 Kf6 39. Ke2 h6 40. Kd3 g5 41. hxg5+ hxg5 42. Na3 Nd6 43. Nc2 e4+ 44. fxe4 Nxe4 45. Nxe4+ fxe4+ 46. Kxe4 Nxc3+ 47. Kd3 Nd5 48. Kd4 Ke6 49. g4 Nf6 50. Ne3 Kd6 51. Nf5+ Kc6 52. Ne3 Kb6 53. Ke5 Nxg4+ 54. Nxg4 a5 55. bxa5+ Kxa5 56. Kd4 Ka4 57. Kc3 Ka3 58. Kc2 b4 59. Kb1 Kb3 60. Nh6 Kc3 61. Ng4 1/2-1/2

[Event "Omegna op 4th"]
[Site "Omegna"]
[Date "2016.08.06"]
[Round "2"]
[White "Buonanno, Raffaele"]
[Black "Pasquotto, Mirko"]
[Result "0-1"]
[WhiteElo "1966"]
[BlackElo "1844"]
[PlyCount "78"]
[EventDate "2016.08.05"]
[EventType "swiss"]
[EventRounds "5"]
[EventCountry "ITA"]
[SourceTitle "EXT 2018"]
[Source "ChessBase"]
[SourceDate "2017.10.13"]
[SourceVersion "1"]
[SourceVersionDate "2017.10.13"]
[SourceQuality "1"]

1. d4 Nf6 2. c4 g6 3. Nc3 Bg7 4. e4 d6 5. f3 0-0 6. Be3 c5 7. d5 Qa5 8. Bd3 Nbd7 9. Qd2 a6 10. Nh3 Ne5 11. Nf2 Nxd3+ 12. Qxd3 b5 13. 0-0 Nd7 14. cxb5 axb5 15. a3 Ba6 16. Qc2 Nb6 17. Nd3 Na4 18. Nd1 Rfc8 19. Rb1 Qc7 20. N1f2 Nb6 21. Rfc1 Nc4 22. Bf4 Qb7 23. Qb3 Bd4 24. Kh1 Na5 25. Qa2 c4 26. b4 cxb3 27. Qd2 Nc4 28. Qb4 b2 29. Rf1 Qb6 30. Nd1 Nxa3 31. Qxa3 b4 32. Qb3 Bc4 33. Qc2 Ba2 34. Qe2 Bxb1 35. N1xb2 Bc2 36. Bg5 Ra2 37. Nd1 Bb3 38. Qe1 Rcc2 39. Qg3 Bc4 0-1

[Event "Omegna op 4th"]
[Site "Omegna"]
[Date "2016.08.06"]
[Round "3"]
[White "Pasquotto, Mirko"]
[Black "Tolibayev, Timur"]
[Result "0-1"]
[WhiteElo "1844"]
[BlackElo "2096"]
[PlyCount "200"]
[EventDate "2016.08.05"]
[EventType "swiss"]
[EventRounds "5"]
[EventCountry "ITA"]
[SourceTitle "EXT 2018"]
[Source "ChessBase"]
[SourceDate "2017.10.13"]
[SourceVersion "1"]
[SourceVersionDate "2017.10.13"]
[SourceQuality "1"]

1. Nf3 d5 2. c4 e6 3. g3 Nf6 4. Bg2 Be7 5. 0-0 0-0 6. b3 b6 7. Bb2 Nbd7 8. d3 Bb7 9. Nbd2 c5 10. e3 Qc7 11. d4 Rac8 12. Rc1 Qb8 13. Ne5 cxd4 14. exd4 dxc4 15. Ndxc4 Bxg2 16. Kxg2 Qb7+ 17. Qf3 Nd5 18. Nxd7 Qxd7 19. a3 Bf6 20. Qe4 Rfd8 21. f4 Ne7 22. Ne5 Bxe5 23. fxe5 Rxc1 24. Rxc1 Rc8 25. Rc2 Rxc2+ 26. Qxc2 Qd5+ 27. Kg1 Nc6 28. Qc4 Qd7 29. b4 h6 30. Kf2 Ne7 31. h4 h5 32. Qe2 g6 33. Qc4 Qc6 34. Qxc6 Nxc6 35. Ke3 b5 36. Ke4 Ne7 37. Bc1 Kf8 38. Bg5 Nd5 39. Bd2 Ke8 40. Kf3 Kd7 41. g4 Kc6 42. gxh5 gxh5 43. Ke4 Kd7 44. Kf3 Ke8 45. Ke4 Kf8 46. Bh6+ Kg8 47. Bd2 Kh7 48. Be1 Kg6 49. Bd2 Kg7 50. Be1 Kh7 51. Bd2 Kg6 52. Be1 a6 53. Bd2 Nb6 54. Kf4 Nc4 55. Bc1 f5 56. exf6 Kxf6 57. Ke4 Nd6+ 58. Kd3 Kf5 59. Bg5 Nc4 60. Bc1 Kg4 61. Bg5 Nxa3 62. Ke4 Nc2 63. Be7 Ne1 64. Bf6 Nf3 65. Be7 Nxh4 66. Bxh4 Kxh4 67. Ke5 Kg3 68. Kxe6 h4 69. d5 h3 70. d6 h2 71. d7 h1Q 72. d8Q Qe1+ 73. Kf7 Qxb4 74. Qd3+ Kf4 75. Qf1+ Ke4 76. Qg2+ Kd4 77. Qg4+ Kc3 78. Qf3+ Kc2 79. Qe2+ Kb3 80. Qd3+ Ka4 81. Kf6 a5 82. Qc2+ Qb3 83. Qe4+ Qc4 84. Qe8 Kb3 85. Qd8 a4 86. Qd1+ Qc2 87. Qd5+ Ka3 88. Qd6+ b4 89. Kg5 Qc3 90. Qe7 Qd2+ 91. Kg4 Ka2 92. Qe6+ b3 93. Qa6 a3 94. Qe6 Qc2 95. Qd5 Ka1 96. Qd4+ b2 97. Qe5 Ka2 98. Qe6+ Qb3 99. Qe2 Qc3 100. Qf2 Ka1 0-1

[Event "WchT Silent"]
[Site "Opatija"]
[Date "2014.06.27"]
[Round "9.5"]
[White "Moldovanovic, Dragan"]
[Black "Pasquotto, Mirko"]
[Result "0-1"]
[WhiteElo "2034"]
[BlackElo "1869"]
[PlyCount "69"]
[EventDate "2014.06.19"]
[EventType "team-swiss"]
[EventRounds "9"]
[EventCountry "CRO"]
[SourceTitle "CBM 161 Extra"]
[Source "ChessBase"]
[SourceDate "2014.08.29"]
[SourceVersion "1"]
[SourceVersionDate "2014.08.29"]
[SourceQuality "1"]
[WhiteTeam "Serbia"]
[BlackTeam "Italy"]
[WhiteTeamCountry "SRB"]
[BlackTeamCountry "ITA"]

1. Nf3 Nf6 2. c4 g6 3. Nc3 Bg7 4. e4 d6 5. d4 0-0 6. Be2 Nbd7 7. 0-0 e5 8. d5 a5 9. Ne1 Nc5 10. f3 Nh5 11. Nd3 b6 12. Nxc5 bxc5 13. a3 Nf4 14. Rb1 f5 15. g3 Nxe2+ 16. Qxe2 fxe4 17. Nxe4 Rb8 18. b3 Bd7 19. Bd2 a4 20. b4 cxb4 21. Bxb4 Qc8 22. Nc3 Qa6 23. Kg2 Qc8 24. Rfe1 g5 25. Qf2 g4 26. Ne4 Rxf3 27. Qd2 Qf8 28. Rf1 Bh6 29. Qe2 Qf5 30. Rxf3 gxf3+ 31. Qxf3 Qh3+ 32. Kg1 Rf8 33. Qd3 Bg4 34. Rf1 Be3+ 35. Nf2 0-1

[Event "WchT Silent"]
[Site "Opatija"]
[Date "2014.06.23"]
[Round "5.5"]
[White "Szurovszky, Elek"]
[Black "Pasquotto, Mirko"]
[Result "1-0"]
[WhiteElo "2070"]
[BlackElo "1869"]
[PlyCount "77"]
[EventDate "2014.06.19"]
[EventType "team-swiss"]
[EventRounds "9"]
[EventCountry "CRO"]
[SourceTitle "CBM 161 Extra"]
[Source "ChessBase"]
[SourceDate "2014.08.29"]
[SourceVersion "1"]
[SourceVersionDate "2014.08.29"]
[SourceQuality "1"]
[WhiteTeam "Hungary"]
[BlackTeam "Italy"]
[WhiteTeamCountry "HUN"]
[BlackTeamCountry "ITA"]

1. e4 c5 2. Nf3 d6 3. d4 cxd4 4. Nxd4 Nf6 5. f3 e5 6. Nb5 a6 7. N5c3 Be6 8. Be3 Nbd7 9. Be2 Be7 10. a4 Qc7 11. 0-0 0-0 12. Kh1 b6 13. Nd5 Nxd5 14. exd5 Bf5 15. c4 Bg6 16. Nc3 f5 17. Rc1 f4 18. Bg1 Rf5 19. Ne4 Rh5 20. Bd3 Qd8 21. g4 fxg3 22. Nxg3 Rh6 23. Rc2 Bg5 24. Rg2 Bf4 25. Bxg6 hxg6 26. Ne4 Nc5 27. b4 Nxe4 28. fxe4 Qc8 29. Qc2 Qc7 30. c5 bxc5 31. bxc5 dxc5 32. Qxc5 Qd8 33. d6 g5 34. Rd1 Rc8 35. Qd5+ Kh7 36. d7 Rc3 37. Qf7 Rf6 38. Qe8 Rf8 39. Qxf8 1-0

[Event "Milan Crespi op-B 33rd"]
[Site "Milan"]
[Date "2012.12.09"]
[Round "6"]
[White "Bonassi, Tommaso"]
[Black "Pasquotto, Mirko"]
[Result "1-0"]
[WhiteElo "1944"]
[BlackElo "1870"]
[PlyCount "37"]
[EventDate "2012.12.05"]
[EventType "swiss"]
[EventRounds "7"]
[EventCountry "ITA"]
[SourceTitle "EXT 2015"]
[Source "ChessBase"]
[SourceDate "2014.11.20"]
[SourceVersion "1"]
[SourceVersionDate "2014.11.20"]
[SourceQuality "1"]

1. e4 c5 2. Nf3 d6 3. d4 cxd4 4. Nxd4 Nf6 5. Nc3 a6 6. Be3 e5 7. Nb3 Be6 8. f3 Nbd7 9. Qd2 b5 10. Nd5 Bxd5 11. exd5 Nb6 12. Bxb6 Qxb6 13. 0-0-0 Be7 14. Na5 Rc8 15. Nc6 Nxd5 16. Nxe7 Nxe7 17. Qxd6 Qc5 18. Qd7+ Kf8 19. Qd8+ 1-0

[Event "Trieste op 13th"]
[Site "Trieste"]
[Date "2011.09.03"]
[Round "1"]
[White "Pasquotto, Mirko"]
[Black "Mocchi, Tullio"]
[Result "0-1"]
[WhiteElo "1899"]
[BlackElo "2259"]
[PlyCount "64"]
[EventDate "2011.09.03"]
[EventType "swiss"]
[EventRounds "9"]
[EventCountry "ITA"]
[SourceTitle "CBM 144 Extra"]
[Source "ChessBase"]
[SourceDate "2011.10.28"]
[SourceVersion "1"]
[SourceVersionDate "2011.10.28"]
[SourceQuality "1"]

1. d4 d5 2. c4 e6 3. Nc3 Nf6 4. Nf3 Be7 5. Bg5 Nbd7 6. e3 0-0 7. Rc1 c6 8. Bd3 dxc4 9. Bxc4 Nd5 10. Bxe7 Nxe7 11. 0-0 b6 12. a3 Bb7 13. b4 Ng6 14. Qb3 Qe7 15. Rfd1 Nf6 16. a4 Rab8 17. e4 Rfd8 18. e5 Ne8 19. Qb2 c5 20. d5 cxb4 21. dxe6 fxe6 22. Ne2 Nc7 23. Nfd4 Nxe5 24. Bb3 Bd5 25. Nf4 Nf7 26. Re1 Bxb3 27. Nf5 Qg5 28. Rxc7 Qxf5 29. Qxb3 Qxf4 30. Rxa7 Rd2 31. Rf1 Qd6 32. Qf3 Rf8 0-1

[Event "EU-chT ICSC 20th"]
[Site "Liverpool"]
[Date "2011.06.10"]
[Round "3"]
[White "Strzelecki, Jerzy"]
[Black "Pasquotto, Mirko"]
[Result "1/2-1/2"]
[WhiteElo "2155"]
[BlackElo "1920"]
[PlyCount "51"]
[EventDate "2011.06.09"]
[EventType "team-tourn"]
[EventRounds "7"]
[EventCountry "ENG"]
[SourceTitle "CBM 142 Extra"]
[Source "ChessBase"]
[SourceDate "2011.06.27"]
[SourceVersion "1"]
[SourceVersionDate "2011.06.27"]
[SourceQuality "1"]
[WhiteTeam "Otwock UKS MDK"]
[BlackTeam "Trieste"]
[WhiteTeamCountry "POL"]
[BlackTeamCountry "ITA"]

1. Nf3 Nf6 2. c4 g6 3. Nc3 Bg7 4. e4 d6 5. d4 0-0 6. h3 e5 7. d5 Nbd7 8. Bg5 a5 9. Be2 Nc5 10. Nd2 Bd7 11. Qc2 Qc8 12. 0-0-0 h6 13. Be3 b6 14. g4 Nh7 15. Rdg1 f5 16. gxf5 gxf5 17. Bxh6 Rf7 18. Qd1 Nf6 19. Rxg7+ Rxg7 20. Bxg7 Kxg7 21. Qg1+ Kf7 22. Qg5 Qg8 23. h4 Qh7 24. exf5 Rg8 25. Qe3 Qxf5 26. f3 1/2-1/2

[Event "Senigallia op 5th"]
[Site "Senigallia"]
[Date "2010.08.08"]
[Round "7"]
[White "Pasquotto, Mirko"]
[Black "Padovani, Alessio"]
[Result "1/2-1/2"]
[WhiteElo "1925"]
[BlackElo "1978"]
[PlyCount "125"]
[EventDate "2010.08.02"]
[EventType "swiss"]
[EventRounds "7"]
[EventCountry "ITA"]
[SourceTitle "CBM 137 Extra"]
[Source "ChessBase"]
[SourceDate "2010.09.01"]
[SourceVersion "1"]
[SourceVersionDate "2010.09.01"]
[SourceQuality "1"]

1. d4 e6 2. c4 f5 3. g3 Nf6 4. Bg2 c6 5. Nc3 d5 6. Nf3 Bd6 7. 0-0 0-0 8. Ne5 Ne4 9. Qc2 Nd7 10. f4 Nxc3 11. Qxc3 Nf6 12. b3 Bd7 13. Bb2 Ne4 14. Qc2 Rc8 15. c5 Bxe5 16. dxe5 b6 17. Bd4 bxc5 18. Bxc5 Nxc5 19. Qxc5 Qb6 20. Rfc1 Rb8 21. e3 Rb7 22. Bf3 Rfb8 23. Be2 a5 24. Qxb6 Rxb6 25. Rc5 Ra8 26. Bd1 Rb5 27. Rac1 Rxc5 28. Rxc5 Kf7 29. h4 Ke7 30. Kf2 Kd8 31. Ke2 Kc7 32. Kd3 Kb6 33. Kd4 g6 34. a3 h6 35. g4 Rg8 36. Rc2 fxg4 37. Bxg4 g5 38. hxg5 hxg5 39. Rg2 gxf4 40. exf4 c5+ 41. Kd3 Bb5+ 42. Kd2 d4 43. Bh3 Rxg2+ 44. Bxg2 a4 45. bxa4 Bxa4 46. Bh3 Bd7 47. Bf1 Ka5 48. Kc2 Bc6 49. Bc4 Be4+ 50. Kb2 Bf5 51. Kb3 Bg4 52. Bd3 Kb6 53. Bc4 Ka5 54. Bd3 Kb6 55. Bc4 Bf5 56. Kb2 Ka5 57. Kb3 d3 58. Kc3 Ka4 59. Bxd3 Bxd3 60. Kxd3 Kb3 61. Kd2 Kb2 62. Kd3 Kb3 63. Ke4 1/2-1/2

[Event "Senigallia op 5th"]
[Site "Senigallia"]
[Date "2010.08.02"]
[Round "1"]
[White "Pasquotto, Mirko"]
[Black "Stromboli, Ettore"]
[Result "1/2-1/2"]
[WhiteElo "1925"]
[BlackElo "2263"]
[PlyCount "112"]
[EventDate "2010.08.02"]
[EventType "swiss"]
[EventRounds "7"]
[EventCountry "ITA"]
[SourceTitle "CBM 137 Extra"]
[Source "ChessBase"]
[SourceDate "2010.09.01"]
[SourceVersion "1"]
[SourceVersionDate "2010.09.01"]
[SourceQuality "1"]

1. d4 Nf6 2. c4 e6 3. Nf3 b6 4. g3 Bb7 5. Bg2 Be7 6. Nc3 0-0 7. 0-0 Ne4 8. Qc2 Nxc3 9. Qxc3 f5 10. b3 Bf6 11. Bb2 Qe7 12. Qd2 Re8 13. Rfd1 c6 14. Ne5 d6 15. Nd3 d5 16. Ne5 Nd7 17. f4 Red8 18. cxd5 exd5 19. Rac1 Rac8 20. Rc2 Nf8 21. Qc1 Bxe5 22. fxe5 Ne6 23. Ba3 Qe8 24. e3 Qg6 25. Rf1 Ng5 26. Be7 Re8 27. Bxg5 Qxg5 28. b4 g6 29. b5 c5 30. dxc5 bxc5 31. Rxc5 Rxc5 32. Qxc5 Rxe5 33. Qxa7 Qxe3+ 34. Qxe3 Rxe3 35. Rc1 Ra3 36. Rc7 Ba8 37. b6 Rxa2 38. b7 Bxb7 39. Rxb7 Rd2 40. Rd7 d4 41. Bd5+ Kh8 42. h4 Rb2 43. Bc4 Rd2 44. Kf1 h6 45. Ke1 Rg2 46. Rxd4 Rxg3 47. Kf2 Rg4 48. Rxg4 fxg4 49. Kg3 g5 50. h5 Kg7 51. Kxg4 Kf6 52. Bd3 Ke5 53. Kf3 g4+ 54. Kxg4 Kf6 55. Kf4 Kg7 56. Kf5 Kh8 1/2-1/2

[Event "Corsico op-B 41st"]
[Site "Corsico"]
[Date "2009.10.04"]
[Round "5"]
[White "Reale, Simone"]
[Black "Pasquotto, Mirko"]
[Result "0-1"]
[WhiteElo "1872"]
[BlackElo "1933"]
[PlyCount "102"]
[EventDate "2009.10.02"]
[EventType "swiss"]
[EventRounds "5"]
[EventCountry "ITA"]
[SourceTitle "EXT 2012"]
[Source "ChessBase"]
[SourceDate "2011.11.24"]
[SourceVersion "1"]
[SourceVersionDate "2011.11.24"]
[SourceQuality "1"]

1. d4 Nf6 2. c4 g6 3. Nc3 Bg7 4. e4 d6 5. Nf3 0-0 6. Be2 e5 7. 0-0 Nc6 8. d5 Ne7 9. b4 a5 10. Ba3 axb4 11. Bxb4 Nd7 12. Nd2 f5 13. Nb3 fxe4 14. Nxe4 b6 15. a4 Nc5 16. Nbxc5 bxc5 17. Bd2 Nf5 18. Rb1 Nd4 19. Nc3 Bf5 20. Ra1 Qd7 21. Ra2 Rfb8 22. Be3 e4 23. Nb5 Nxe2+ 24. Qxe2 Be5 25. Bc1 Re8 26. Bb2 Bg4 27. Qd2 Bf3 28. Bxe5 Rxe5 29. gxf3 exf3 30. Kh1 Qh3 31. Rg1 Re2 32. Qd1 Rxa2 33. Rg3 Qh5 34. Qxf3 Qxf3+ 35. Rxf3 Rf8 36. Rxf8+ Kxf8 37. Nxc7 Rxa4 38. Kg2 Rxc4 39. Kf3 Rc3+ 40. Kf4 Rh3 41. Kg5 Rxh2 42. Kf6 Rxf2+ 43. Ke6 Re2+ 44. Kxd6 c4 45. Kd7 c3 46. Ne6+ Kf7 47. Ng5+ Kf6 48. Nxh7+ Ke5 49. d6 c2 50. Nf8 c1Q 51. Nxg6+ Kf6 0-1

[Event "Corsico op-B 41st"]
[Site "Corsico"]
[Date "2009.10.03"]
[Round "2"]
[White "Pasquotto, Mirko"]
[Black "D'Urbino, Ilan"]
[Result "0-1"]
[WhiteElo "1933"]
[BlackElo "1679"]
[PlyCount "84"]
[EventDate "2009.10.02"]
[EventType "swiss"]
[EventRounds "5"]
[EventCountry "ITA"]
[SourceTitle "EXT 2012"]
[Source "ChessBase"]
[SourceDate "2011.11.24"]
[SourceVersion "1"]
[SourceVersionDate "2011.11.24"]
[SourceQuality "1"]

1. d4 Nf6 2. c4 g6 3. Nc3 Bg7 4. e4 0-0 5. Nf3 d6 6. Be2 e5 7. 0-0 Nc6 8. d5 Ne7 9. Ne1 Nd7 10. Be3 f5 11. f3 f4 12. Bf2 a5 13. a4 g5 14. Nd3 b6 15. Be1 Rf6 16. b4 axb4 17. Nb5 Nc5 18. Bxb4 Rh6 19. Nf2 Na6 20. Bc3 Kh8 21. a5 Qg8 22. axb6 cxb6 23. Bb4 Bd7 24. Bxd6 Nc8 25. Bb4 Rg6 26. c5 bxc5 27. Bxc5 Rb8 28. Rxa6 Rxa6 29. Nd6 Ra5 30. Nxc8 Rxc5 31. Ne7 Qf8 32. d6 Rb4 33. Nd3 Rd4 34. Qb3 Rb5 35. Qa3 Qb8 36. Ra1 Bf8 37. Nc5 Rb1+ 38. Rxb1 Qxb1+ 39. Kf2 Rxd6 40. Nxd7 Bxe7 41. Nxe5 Qb6+ 42. Kf1 Rd1+ 0-1

[Event "Trieste op 11th"]
[Site "Trieste"]
[Date "2009.09.02"]
[Round "5"]
[White "Pasquotto, Mirko"]
[Black "Pregarac, Valter"]
[Result "0-1"]
[WhiteElo "1922"]
[BlackElo "2098"]
[PlyCount "60"]
[EventDate "2009.08.30"]
[EventType "swiss"]
[EventRounds "9"]
[EventCountry "ITA"]
[SourceTitle "CBM 132 Extra"]
[Source "ChessBase"]
[SourceDate "2009.11.03"]
[SourceVersion "1"]
[SourceVersionDate "2009.11.03"]
[SourceQuality "1"]

1. d4 Nf6 2. c4 e6 3. Nf3 Bb4+ 4. Bd2 a5 5. a3 Bxd2+ 6. Qxd2 b6 7. e3 Ne4 8. Qc2 f5 9. Bd3 Bb7 10. 0-0 0-0 11. Nbd2 Nxd2 12. Nxd2 Qg5 13. e4 f4 14. f3 Nc6 15. Qc3 e5 16. d5 Nd4 17. Nb3 Nxb3 18. Qxb3 a4 19. Qc2 Qe7 20. Rfb1 Qc5+ 21. Qf2 Qxf2+ 22. Kxf2 Kf7 23. b4 axb3 24. Rxb3 Ra5 25. Rb5 Rfa8 26. c5 Rxa3 27. Rxa3 Rxa3 28. Bc4 Rc3 29. Rb4 Rc2+ 30. Kf1 Rxc4 0-1

[Event "Trieste op 11th"]
[Site "Trieste"]
[Date "2009.09.01"]
[Round "4"]
[White "Milazzo, Mario"]
[Black "Pasquotto, Mirko"]
[Result "1-0"]
[WhiteElo "2068"]
[BlackElo "1922"]
[PlyCount "79"]
[EventDate "2009.08.30"]
[EventType "swiss"]
[EventRounds "9"]
[EventCountry "ITA"]
[SourceTitle "CBM 132 Extra"]
[Source "ChessBase"]
[SourceDate "2009.11.03"]
[SourceVersion "1"]
[SourceVersionDate "2009.11.03"]
[SourceQuality "1"]

1. c4 Nf6 2. Nc3 g6 3. g3 Bg7 4. Bg2 0-0 5. e4 d6 6. Nge2 Nbd7 7. 0-0 e5 8. d3 a5 9. h3 Nc5 10. f4 exf4 11. Bxf4 Ne6 12. Be3 h5 13. Qd2 Nd7 14. Rad1 c5 15. Nb5 Ne5 16. b3 Nc6 17. d4 cxd4 18. Nexd4 Ncxd4 19. Nxd4 Be5 20. Nxe6 Bxe6 21. Bh6 Re8 22. Bg5 Qb6+ 23. Be3 Qc7 24. Bf4 Rad8 25. Kh2 a4 26. Bg5 Ra8 27. Bf6 axb3 28. axb3 Bxf6 29. Rxf6 Ra3 30. Rf3 b5 31. cxb5 Rxb3 32. Rxb3 Bxb3 33. Qxd6 Qc4 34. Rd4 Qe6 35. Qxe6 Rxe6 36. Rb4 Bc2 37. b6 Re8 38. b7 Rb8 39. e5 Bd3 40. Ra4 1-0

[Event "Senigallia Perini Memorial 3rd"]
[Site "Senigallia"]
[Date "2009.08.07"]
[Round "7"]
[White "Pasquotto, Mirko"]
[Black "Scivales, Daniel"]
[Result "1/2-1/2"]
[WhiteElo "1922"]
[BlackElo "2037"]
[PlyCount "39"]
[EventDate "2009.08.01"]
[EventType "swiss"]
[EventRounds "9"]
[EventCountry "ITA"]
[SourceTitle "EXT 2010"]
[Source "ChessBase"]
[SourceDate "2010.11.25"]
[SourceVersion "1"]
[SourceVersionDate "2010.11.25"]
[SourceQuality "1"]

1. d4 Nf6 2. c4 e6 3. Nf3 b6 4. g3 Bb7 5. Bg2 Be7 6. 0-0 0-0 7. Nc3 Ne4 8. Qc2 Nxc3 9. Qxc3 d6 10. b3 Nd7 11. Bb2 c5 12. e3 Qc7 13. Rfd1 Nf6 14. Rac1 Rac8 15. d5 e5 16. Nd2 Ne8 17. e4 Bg5 18. Rf1 Bf6 19. Qc2 Rb8 20. f4 1/2-1/2

[Event "Senigallia Perini Memorial 3rd"]
[Site "Senigallia"]
[Date "2009.08.06"]
[Round "6"]
[White "Iacoacci, Giancarlo"]
[Black "Pasquotto, Mirko"]
[Result "0-1"]
[WhiteElo "1770"]
[BlackElo "1922"]
[PlyCount "58"]
[EventDate "2009.08.01"]
[EventType "swiss"]
[EventRounds "9"]
[EventCountry "ITA"]
[SourceTitle "EXT 2010"]
[Source "ChessBase"]
[SourceDate "2010.11.25"]
[SourceVersion "1"]
[SourceVersionDate "2010.11.25"]
[SourceQuality "1"]

1. d4 Nf6 2. Nf3 g6 3. Nc3 d5 4. Bf4 a6 5. e3 Bg7 6. Be2 0-0 7. Ne5 Be6 8. h4 Nfd7 9. g4 Nxe5 10. Bxe5 f6 11. Bf4 Bf7 12. Qd3 e5 13. dxe5 fxe5 14. Bg5 Qd6 15. h5 c6 16. 0-0-0 Nd7 17. f4 Qb4 18. a3 Qb6 19. Qd2 Nc5 20. f5 d4 21. hxg6 hxg6 22. fxg6 Bxg6 23. Bc4+ Rf7 24. exd4 exd4 25. Qh2 dxc3 26. b3 Qa5 27. Bxf7+ Bxf7 28. Qh7+ Kf8 29. Bh6 Qxa3+ 0-1

[Event "Milan Crespi op-B 29th"]
[Site "Milan"]
[Date "2008.12.08"]
[Round "7"]
[White "Arboscelli, Gregorio"]
[Black "Pasquotto, Mirko"]
[Result "1/2-1/2"]
[WhiteElo "1898"]
[BlackElo "1921"]
[PlyCount "45"]
[EventDate "2008.12.05"]
[EventType "swiss"]
[EventRounds "7"]
[EventCountry "ITA"]
[SourceTitle "EXT 2010"]
[Source "ChessBase"]
[SourceDate "2010.11.25"]
[SourceVersion "1"]
[SourceVersionDate "2010.11.25"]
[SourceQuality "1"]

1. d4 Nf6 2. c4 g6 3. Nc3 Bg7 4. e4 d6 5. Be2 0-0 6. Nf3 e5 7. dxe5 dxe5 8. Qxd8 Rxd8 9. Bg5 Re8 10. Nd5 Nxd5 11. cxd5 c6 12. dxc6 Nxc6 13. 0-0 Be6 14. Bb5 Rec8 15. Rfd1 a6 16. Ba4 b5 17. Bb3 Bxb3 18. axb3 f6 19. Bd2 Bf8 20. Rac1 Kf7 21. h3 Ke6 22. Kf1 Nb4 23. Bxb4 1/2-1/2

[Event "Milan Crespi op-B 29th"]
[Site "Milan"]
[Date "2008.12.07"]
[Round "4"]
[White "Pasquotto, Mirko"]
[Black "Mircoli, Filippo"]
[Result "1/2-1/2"]
[WhiteElo "1921"]
[BlackElo "1846"]
[PlyCount "62"]
[EventDate "2008.12.05"]
[EventType "swiss"]
[EventRounds "7"]
[EventCountry "ITA"]
[SourceTitle "EXT 2010"]
[Source "ChessBase"]
[SourceDate "2010.11.25"]
[SourceVersion "1"]
[SourceVersionDate "2010.11.25"]
[SourceQuality "1"]

1. d4 e6 2. c4 Nf6 3. Nf3 d5 4. Nc3 Bb4 5. Qc2 0-0 6. Bg5 h6 7. Bh4 Nbd7 8. a3 Be7 9. e3 b6 10. Bd3 Bb7 11. cxd5 Bxd5 12. Nxd5 Nxd5 13. Bxe7 Qxe7 14. 0-0 c5 15. Rac1 cxd4 16. Nxd4 Ne5 17. b4 Nxd3 18. Qxd3 Rfc8 19. Rc2 Qd7 20. Rfc1 Ne7 21. Qb5 Qd8 22. Nc6 Nxc6 23. Rxc6 Rxc6 24. Qxc6 Kf8 25. Kf1 Qd3+ 26. Ke1 Rd8 27. Qc3 Qd5 28. f3 Ke7 29. e4 Qd6 30. Qc7+ Rd7 31. Qxd6+ Rxd6 1/2-1/2

[Event "Milan Crespi op-B 29th"]
[Site "Milan"]
[Date "2008.12.06"]
[Round "3"]
[White "Cani, Gazmir"]
[Black "Pasquotto, Mirko"]
[Result "1-0"]
[WhiteElo "1867"]
[BlackElo "1921"]
[PlyCount "49"]
[EventDate "2008.12.05"]
[EventType "swiss"]
[EventRounds "7"]
[EventCountry "ITA"]
[SourceTitle "EXT 2010"]
[Source "ChessBase"]
[SourceDate "2010.11.25"]
[SourceVersion "1"]
[SourceVersionDate "2010.11.25"]
[SourceQuality "1"]

1. e4 c5 2. Nf3 d6 3. c3 Nf6 4. Be2 Nc6 5. d4 Bg4 6. 0-0 g6 7. d5 Bxf3 8. Bxf3 Ne5 9. Be2 Bg7 10. f4 Ned7 11. Qc2 0-0 12. Nd2 a6 13. a4 b5 14. axb5 axb5 15. Rxa8 Qxa8 16. Bxb5 Qb7 17. Be2 Nb6 18. Nc4 Ra8 19. e5 dxe5 20. Qb3 Rb8 21. fxe5 Nfxd5 22. Nxb6 e6 23. Rd1 Bxe5 24. Rxd5 c4 25. Rd7 1-0

[Event "Wch Silent"]
[Site "St Gallen"]
[Date "2008.07.31"]
[Round "11"]
[White "Malyuga, Valentin"]
[Black "Pasquotto, Mirko"]
[Result "1-0"]
[WhiteElo "2273"]
[BlackElo "1903"]
[PlyCount "71"]
[EventDate "2008.07.20"]
[EventType "swiss"]
[EventRounds "11"]
[EventCountry "SUI"]
[SourceTitle "EXT 2009"]
[Source "ChessBase"]
[SourceDate "2008.11.26"]
[SourceVersion "1"]
[SourceVersionDate "2008.11.26"]
[SourceQuality "1"]

1. Nf3 Nf6 2. g3 g6 3. Bg2 Bg7 4. 0-0 0-0 5. c4 d6 6. d4 Nbd7 7. Nc3 e5 8. e4 exd4 9. Nxd4 a6 10. h3 Re8 11. Be3 Rb8 12. a4 Ne5 13. b3 c5 14. Nde2 Nc6 15. Ra2 Qc7 16. Rd2 Rd8 17. Bg5 Nb4 18. e5 Bxh3 19. Bxf6 Bxf6 20. exf6 Bxg2 21. Kxg2 d5 22. Nxd5 Nxd5 23. Rxd5 Qc6 24. Nc3 Qxf6 25. Qf3 Qxf3+ 26. Kxf3 Rxd5 27. Nxd5 b5 28. axb5 axb5 29. g4 bxc4 30. bxc4 Kg7 31. Ra1 h5 32. gxh5 gxh5 33. Rh1 Rh8 34. Rh4 Kg6 35. Kf4 Re8 36. Rxh5 1-0

[Event "Wch Silent"]
[Site "St Gallen"]
[Date "2008.07.22"]
[Round "3"]
[White "Schmid, Jaroslav"]
[Black "Pasquotto, Mirko"]
[Result "1-0"]
[WhiteElo "2105"]
[BlackElo "1900"]
[PlyCount "55"]
[EventDate "2008.07.20"]
[EventType "swiss"]
[EventRounds "11"]
[EventCountry "SUI"]
[SourceTitle "EXT 2009"]
[Source "ChessBase"]
[SourceDate "2008.11.26"]
[SourceVersion "1"]
[SourceVersionDate "2008.11.26"]
[SourceQuality "1"]

1. e4 c5 2. Nf3 d6 3. d4 cxd4 4. Nxd4 Nf6 5. Nc3 a6 6. Bg5 e6 7. f4 Nc6 8. Nxc6 bxc6 9. e5 h6 10. Bh4 g5 11. fxg5 Nd5 12. Ne4 Qb6 13. g6 Qe3+ 14. Qe2 Qxe2+ 15. Bxe2 fxg6 16. exd6 g5 17. Bg3 Bg7 18. Bh5+ Kd8 19. 0-0-0 e5 20. Nc5 Bd7 21. Be1 Nf4 22. Ba5+ Kc8 23. Bf3 g4 24. Be4 Ne2+ 25. Kb1 Nd4 26. c3 Nb5 27. Nxd7 Kxd7 28. Bf5+ 1-0